000 01086cab a2200325 4500
001 ABS58590
008 090401t1998 xxu||||| |||| 00| 0 eng d
035 _a(Sirsi) u85467
041 _aeng
100 _aWest, A.
245 _aWarn your clients about Millennium meltdown
260 _c1998
350 _a0
490 _aBuilding Engineer
_v73(2) March 1998, 17(1)
520 _aLooks at year 2000 compliance problems that commercial property occupiers could face with building services. Considers possible remedies such as use of service charges and warranties or agreements that tenants can take.
650 _aAGREEMENTS
650 _aBUILDING MANAGEMENT SYSTEMS
650 _aBlock management
_96220
650 _aPROPERTY-COMMERCIAL PROPERTY
650 _aLANDLORD AND TENANT
_96252
650 _aMILLENNIUM
650 _aSERVICE CHARGES
650 _aWARRANTIES
650 _aYEAR 2000 COMPLIANCE
650 _aYEAR 2000
690 _aMANAGEMENT-BUSINESS MANAGEMENT-INFORMATION MANAGEMENT
700 _aEmden, B.
942 _n0
948 _c07/04/1998
999 _c53738
_d53738